Семантика коннекторов - la Sémantique des Connecteurs : Количественные методы описания - Méthodes Quantitatives D'analyse.

В книге представлены результаты сопоставительного исследования коннекторов русского и французского языков с использованием уникального лингвистического ресурса - Надкорпусной базы данных (НБД) коннекторов....

Full description

Bibliographic Details
Main Author: Inkova, Olga.
Format: eBook
Language:Russian
Published: Bern : Peter Lang AG International Academic Publishers, 2020.
Edition:1st ed.
Series:Slavica Helvetica Series
Subjects:
Online Access:Click to View
LEADER 03004nam a22003973i 4500
001 EBC30686178
003 MiAaPQ
005 20231204023231.0
006 m o d |
007 cr cnu||||||||
008 231204s2020 xx o ||||0 rus d
020 |a 9783034341295  |q (electronic bk.) 
020 |z 9783034339834 
035 |a (MiAaPQ)EBC30686178 
035 |a (Au-PeEL)EBL30686178 
035 |a (OCoLC)1261936991 
040 |a MiAaPQ  |b eng  |e rda  |e pn  |c MiAaPQ  |d MiAaPQ 
100 1 |a Inkova, Olga. 
245 1 0 |a Семантика коннекторов - la Sémantique des Connecteurs :  |b Количественные методы описания - Méthodes Quantitatives D'analyse. 
250 |a 1st ed. 
264 1 |a Bern :  |b Peter Lang AG International Academic Publishers,  |c 2020. 
264 4 |c {copy}2021. 
300 |a 1 online resource (286 pages) 
336 |a text  |b txt  |2 rdacontent 
337 |a computer  |b c  |2 rdamedia 
338 |a online resource  |b cr  |2 rdacarrier 
490 1 |a Slavica Helvetica Series ;  |v v.87 
505 0 |a Cover -- Series Information -- Copyright Information -- Содержание -- Введение -- Ольга Инькова: Глава 1. Количественные методы анализа коннекторов -- Ольга Инькова: Глава 2. Отношение сопутствования и его показатели -- Ольга Инькова, Александр Гурьев: Глава 3. Отношение переформулирования и его основные показатели -- Александр Гончаров, Надежда Бунтман, Виталий Нуриев: Глава 4. Ошибки в машинном переводе коннекторов: сравнительный анализ работы двух автоматических переводчиков -- Информация об авторах. 
520 |a В книге представлены результаты сопоставительного исследования коннекторов русского и французского языков с использованием уникального лингвистического ресурса - Надкорпусной базы данных (НБД) коннекторов. 
588 |a Description based on publisher supplied metadata and other sources. 
590 |a Electronic reproduction. Ann Arbor, Michigan : ProQuest Ebook Central, 2023. Available via World Wide Web. Access may be limited to ProQuest Ebook Central affiliated libraries.  
655 4 |a Electronic books. 
776 0 8 |i Print version:  |a Inkova, Olga  |t Семантика коннекторов - la Sémantique des Connecteurs  |d Bern : Peter Lang AG International Academic Publishers,c2020  |z 9783034339834 
797 2 |a ProQuest (Firm) 
830 0 |a Slavica Helvetica Series 
856 4 0 |u https://ebookcentral.proquest.com/lib/matrademy/detail.action?docID=30686178  |z Click to View